Mystérium pasiansu

Bibliographic Details
Main Author: Gaarder, Jostein, 1952- (Author)
Other Authors: Zima, Ján, 1970- (Translator), Jelínek, Bohdan, 1948- (Illustrator)
Format: Book
Language:Slovak
Norwegian
PhysicalDescription:359 s. ilustrácie 21 cm
Published: Bratislava Sofa 1996
ISBN:8085752271
Subjects:

MARC

LEADER 00000cam a2200000 a 4500
001 vtls001222239
003 SK-MaSNL
005 20260301112620.0
008 240621s1996 xo a cr 0000f slo
015 |a SNBA1997/0100260 
020 |a 8085752271 
035 |a SNK000167717 
035 |a urn:nbn:sk:snk-amk31e 
035 |a urn:nbn:sk:snk-am008591 
035 |a 70C0EDCF-3CEA-4351-A27D-4CD99FD60DEC 
040 |a SNK  |b slo  |c SNK  |e AACR2 
041 1 |a slo  |h nor 
044 |a xo  |c SK 
072 7 |a 821.11  |x Germánske literatúry  |2 konspekt 
072 7 |a 821-93  |x Literatúra pre deti a mládež (beletria)  |2 konspekt 
080 |a 839.6-3  |2 1981 
080 |a 821.113.5-31  |2 2011 
080 |a (0:82-311.3)  |2 2011 
080 |a 82-93-053.4/.5  |2 2011 
100 1 |a Gaarder, Jostein,  |d 1952-  |4 aut  |9 122699 
245 1 0 |a Mystérium pasiansu  |c Jostein Gaarder ; preložil Ján Zima 
260 |a Bratislava  |b Sofa  |c 1996 
300 |a 359 s.  |b ilustrácie  |c 21 cm 
500 |a Pravdepodobne preložené z nórčiny 
655 7 |a nórske romány  |2 SNKPH  |9 1565 
655 7 |a dobrodružné romány  |2 SNKPH  |9 70486 
655 7 |a literatúra pre deti  |2 SNKPH  |9 87135 
700 1 |a Zima, Ján,  |d 1970-  |4 trl  |9 13057 
700 1 |a Jelínek, Bohdan,  |d 1948-  |4 ill  |9 37014 
852 |a Slovenská národná knižnica 
919 |a 80-85752-27-1 
954 |a beletria cudzojazyčná (svetová)  |2 lita 
958 |a LX 
958 |a UP 
968 |b NOR 
999 |c 711024  |d 712954 
952 |t P60, <09>, [BOOK], {629}  |a SNK  |b SNK  |y NEVYP  |7 0  |o snkC 2079  |i snk3931/961030  |0 0  |1 0  |4 0  |d 1996-10-29  |l 0  |r 2005-01-01 00:00:00  |w 2026-02-23 
952 |t P60, <03>, [BOOK], {603}  |a SNK  |b SNK  |y PREZ  |7 0  |p 17A0016511  |o snkSC 91612  |i snkKSP 9216/96  |0 0  |1 0  |4 0  |d 1996-10-29  |f 1  |l 0  |r 2025-09-10 00:00:00  |w 2026-02-23 
952 |t P60, <05>, [BOOK], {605}  |a SNK  |b SNK  |y PREZ  |7 0  |p 17A0016512  |o snkSC 91612 D1  |i snkKSP 9217/96  |0 0  |1 0  |4 0  |d 1996-10-29  |l 0  |r 2005-01-01 00:00:00  |w 2026-02-23